| 000 | 00686nam a2200229 a 4500 | ||
|---|---|---|---|
| 008 | |||
| 020 | _a0748717439 (pbk.) | ||
| 049 | _aMAIN | ||
| 090 | _aHQ779 DAR. | ||
| 100 | 1 | _aDare, Angela. | |
| 245 | 1 | 0 |
_aA practical guide to working with babies / _cAngela Dare and Margaret O' Donovan. |
| 260 |
_aCheltenham : _bStanley Thornes, _c1994. |
||
| 300 |
_aiv, 154 p. : _bill. ; _c24 cm. |
||
| 500 | _aInclude bibliographical reference. | ||
| 500 | _aIncludes Index. | ||
| 700 | _aO'Donovan, Margaret. | ||
| 907 |
_a.b10232655 _b19-02-07 _c16-02-07 |
||
| 003 | |||
| 005 | 20230123134401.0 | ||
| 040 | _cNUST | ||
| 942 |
_cBOOKS _kHQ779 DAR. |
||
| 999 |
_c164963 _d164963 |
||